Kanye West Albums - Sudden Death - Statistics

General Stats
  • This quiz has been taken 598 times
    186 since last reset
  • The average score is 10 of 16
Answers on the Grid
Answers color-coded by a green-red scale on the quiz's grid according to % correct below.
Cruel Summer
Flower Boy
Standardized
Graduation
KANYE
ye
Yeezy
VULTURES 3
Watch The Throne
BULLY
Jesus Is King
808s And Heartbreak
Dead Man Talking
The Blueprint
Late Registration
Donda
I Am A God
King
Fauxllegations
The College Dropout
VULTURES 2
The Life of Pablo
WW3
Southside
VULTURES 1
My Beautiful Dark Twisted Fantasy
Yandhi
Love Everyone
Yeezus
KIDS SEE GHOSTS
Chiraq
Good Ass Job
 
Answer Stats
Answer % Correct
Graduation
83%
ye
78%
Jesus Is King
63%
808s And Heartbreak
62%
Donda
61%
Late Registration
61%
Cruel Summer
60%
VULTURES 1
60%
Watch The Throne
60%
BULLY
58%
KIDS SEE GHOSTS
57%
My Beautiful Dark Twisted Fantasy
57%
The Life of Pablo
57%
VULTURES 2
57%
Yeezus
57%
The College Dropout
54%
No matching quizzes found
Score Distribution
Percent of People with Each Score
Percentile by Number Answered
Your Score History
You have not taken this quiz since the last reset